Trouvez l'acteur ou l'actrice...9 - Statistiques

Statistiques générales
  • Ce quiz a été pris 98 fois
  • Le résultat moyen est 7 sur 15
Statistiques - réponses
Films / Séries Acteurs / Actrices % Correct
Brice de Nice - Les petits mouchoirs - The artist Jean Dujardin
93%
Tchao pantin - Banzaï - Inspecteur la Bavure Coluche
82%
Joyeux Noël - Bienvenue chez les ch'tis - La maison du bonheur Dany Boon
80%
L'enquête corse - Papy fait de la résistance - Qu'est-ce qu'on a fait au Bon Dieu? Christian Clavier
76%
Urgences - O'brother - Ocean's eleven George Clooney
74%
Mais qui a tué Paméla Rose? - Les choristes - Le Petit Nicolas Kad Merad
67%
Charmed - Melrose Place - Madame est servie Alyssa Milano
33%
L'associé du diable - Mad Max: Fury road - Atomic blonde Charlize Theron
31%
L'ange bleu - Shangaï express - L'impératrice rouge Marlène Dietrich
31%
Fight club - Le discours d'un roi - Harry Potter et l'ordre du Phénix Helena Bonham Carter
27%
Dracula - Le cinquième élément - The dark knight: le chevalier noir Gary Oldman
26%
Le passager de la pluie - Les mariés de l'an II - Nous ne vieillirons pas ensemble Marlène Jobert
24%
Astérix et Obélix contre César - Sous les jupes des filles - The island Laetitia Casta
8%
The crown - Le crime de l'Orient Express - La dame de fer Olivia Colman
4%
The shield - Taken 3 - Phone game Forest Whitaker
2%
Aucun quiz correspondant
Distribution des résultats
% des personnes avec chaque résultat
Percentile par nombre de réponses
Votre historique - résultats
Vous n’avez pas pris ce quiz